|
|
|
|
| LEADER |
00000nab a2200000 a 4500 |
| 001 |
vtls000563997 |
| 003 |
SK-MaSNL |
| 005 |
20260304094847.0 |
| 008 |
250425c1995 xo 0 slo |
| 015 |
|
|
|a SNBRB19rr/mm-uuuuu
|
| 035 |
|
|
|a CL0564135
|
| 035 |
|
|
|a urn:nbn:sk:snk-abbpck
|
| 035 |
|
|
|a (urnnbn)urn:nbn:sk:snk:ar-0047l0
|
| 035 |
|
|
|a (uuid)fd3619df-ce3d-459c-b29d-b24e3861556c
|
| 040 |
|
|
|a SNKBUCL
|b slo
|c SNKBUCL
|e AACR2
|
| 041 |
0 |
|
|a slo
|
| 044 |
|
|
|a xo
|c SK
|
| 080 |
|
|
|a 82.09:840-3(048)
|2 1981
|
| 080 |
|
|
|a 840-3(048)
|2 1981
|
| 100 |
1 |
|
|a Minárik, Marián
|4 aut
|9 6567
|
| 245 |
1 |
0 |
|a Didier van Cauwelaert: Un aller simple
|c Marián Minárik
|
| 650 |
0 |
7 |
|a romány psychologické
|2 snkbucl
|9 653970
|
| 655 |
|
7 |
|a články z novín a časopisov
|2 snkbucl
|9 267496
|
| 700 |
1 |
|
|a Cauwelaert, Didier van
|4 aut
|9 960416
|
| 773 |
0 |
|
|t Revue svetovej literatúry
|g Roč. 31, č. 2 (1995), s. 187
|x 0231-6269
|
| 787 |
0 |
8 |
|i Rec.:
|a Cauwelaert, Didier van
|t Un aller simple : Éditions Albin Michel S. A., 1994
|
| 850 |
|
|
|a Slovenská národná knižnica
|
| 852 |
|
|
|a Slovenská národná knižnica
|
| 958 |
|
|
|a article15
|
| 958 |
|
|
|a OND
|
| 958 |
|
|
|a RK
|
| 958 |
|
|
|a LX
|
| 958 |
|
|
|a FR
|
| 958 |
|
|
|a EUIPO
|
| 999 |
|
|
|c 2829330
|d 2831260
|